000 00351nam a2200169Ia 4500
100 _aPedroni/Volnei A
650 _aVHDL
942 _cBK
366 _f25
654 _avhdl
245 _aCircuit design with VHDL
260 _bPrentice Hall of India
_c2009
082 _a621.392
_bPED
300 _a363
546 _aENGLISH
_cTTL
999 _c34749
_d34749